[Event "SR 2. liga A 2011/2012"]
[Site "?"]
[Date "2012.01.29"]
[Round "52.4"]
[White "Janos, Jozef"]
[Black "Lukac, Tomas"]
[Result "1-0"]
[WhiteElo "2145"]
[BlackElo "2009"]
[PlyCount "101"]
[EventDate "2011.??.??"]
[WhiteTeam "Slovakia"]
[BlackTeam "Slovakia"]
[WhiteTeamCountry "SVK"]
[BlackTeamCountry "SVK"]

1. d4 d5 2. Nf3 Nf6 3. c4 e6 4. Nc3 Be7 5. e3 O-O 6. Bd3 c6 7. O-O b6 8. e4 Ba6
9. cxd5 cxd5 10. e5 Nfd7 11. Nb5 Bxb5 12. Bxb5 f6 13. exf6 Rxf6 14. Re1 Nf8 15.
Ne5 g6 16. Ng4 a6 17. Nxf6+ Bxf6 18. Bf1 Bg7 19. Be3 Nc6 20. Rc1 Ne7 21. Bg5
Qd6 22. Qd2 Nc6 23. Bf4 Qd7 24. Be3 b5 25. Rc5 Ra7 26. Rec1 Ne7 27. f4 Nf5 28.
Bf2 Qe7 29. g3 Nd6 30. Bg2 Nc4 31. Qe2 Qd7 32. a4 bxa4 33. R1xc4 dxc4 34. Qxc4
a3 35. bxa3 Qe7 36. d5 Kh8 37. Rc8 Rb7 38. Bc5 Rb1+ 39. Bf1 exd5 40. Bxe7 dxc4
41. Bxf8 Bxf8 42. Rxf8+ Kg7 43. Rc8 Ra1 44. Rc7+ Kh6 45. g4 g5 46. Rc6+ Kg7 47.
fxg5 Rxa3 48. Bxc4 Ra4 49. Kf2 a5 50. h4 Ra3 51. Rc7+ 1-0

[Event "SR 2. liga A 2011/2012"]
[Site "?"]
[Date "2012.01.29"]
[Round "52.5"]
[White "Kavon, Rastislav"]
[Black "Hajek, Lukas"]
[Result "0-1"]
[WhiteElo "1879"]
[BlackElo "2038"]
[PlyCount "86"]
[EventDate "2011.??.??"]
[WhiteTeam "Slovakia"]
[BlackTeam "Slovakia"]
[WhiteTeamCountry "SVK"]
[BlackTeamCountry "SVK"]

1. f4 d5 2. Nf3 Nf6 3. g3 g6 4. Bg2 Bg7 5. O-O O-O 6. d3 c5 7. e3 Nc6 8. Qe2
Re8 9. Ne5 Nxe5 10. fxe5 Ng4 11. d4 f6 12. Bf3 Nh6 13. dxc5 fxe5 14. e4 e6 15.
Rd1 d4 16. c3 Qc7 17. b4 Rb8 18. Bb2 b6 19. cxb6 Qxb6 20. Kg2 Ba6 21. Qf2 Red8
22. a3 Rbc8 23. Qe1 Rc7 24. Be2 Bb7 25. Bd3 Nf5 26. Bc1 Bh6 27. Bxh6 Nxh6 28.
Kh3 Qc6 29. c4 Qe8 30. Nd2 g5 31. g4 Qg6 32. Nf3 Nf7 33. c5 h5 34. Rdc1 Qf6 35.
Qg3 h4 36. Qg2 Qf4 37. Qe2 Nh6 38. Ne1 Rf8 39. b5 Nxg4 40. c6 Nf2+ 41. Kg2 g4
42. cxb7 h3+ 43. Kg1 g3 0-1

[Event "SR 2. liga A 2011/2012"]
[Site "?"]
[Date "2012.01.29"]
[Round "52.6"]
[White "Chovanec, Vladimir"]
[Black "Lopatievov, Alexander"]
[Result "0-1"]
[WhiteElo "2114"]
[BlackElo "1925"]
[PlyCount "68"]
[EventDate "2011.??.??"]
[WhiteTeam "Slovakia"]
[BlackTeam "Slovakia"]
[WhiteTeamCountry "SVK"]
[BlackTeamCountry "SVK"]

1. e4 d6 2. Nc3 Nf6 3. f4 e5 4. Nf3 Nc6 5. Bb5 Bd7 6. d3 Nd4 7. Bxd7+ Qxd7 8.
O-O Nxf3+ 9. Qxf3 O-O-O 10. a4 a6 11. b4 Qc6 12. Bd2 Kb8 13. Kh1 exf4 14. b5
Qc5 15. bxa6 bxa6 16. Rab1+ Kc8 17. Rb2 g5 18. Rfb1 Kd7 19. Nd5 Nxd5 20. Qg4+
Kc6 21. exd5+ Qxd5 22. Rb4 f5 23. Qe2 Bg7 24. c4 Qe5 25. Qf3+ Kd7 26. Rb7 Rc8
27. Re1 g4 28. Qf2 Qd4 29. Qxf4 Qxf4 30. Bxf4 Rhe8 31. Reb1 Bd4 32. h3 h5 33.
R7b3 gxh3 34. gxh3 Re2 0-1

[Event "SR 2. liga A 2011/2012"]
[Site "?"]
[Date "2012.01.29"]
[Round "52.7"]
[White "Mackovic, Miroslav"]
[Black "Danada, Tomas"]
[Result "0-1"]
[WhiteElo "1911"]
[BlackElo "1960"]
[PlyCount "71"]
[EventDate "2011.??.??"]
[WhiteTeam "Slovakia"]
[BlackTeam "Slovakia"]
[WhiteTeamCountry "SVK"]
[BlackTeamCountry "SVK"]

1. e4 c6 2. d4 d5 3. Nc3 dxe4 4. Nxe4 Bf5 5. Ng3 Bg6 6. Nf3 Nd7 7. Bd3 Bxd3 8.
Qxd3 e6 9. O-O Qc7 10. Re1 Ngf6 11. Nf5 O-O-O 12. Ne3 Nd5 13. Nc4 h6 14. Nce5
Nxe5 15. dxe5 Kb8 16. a3 Ne7 17. Qe2 Nf5 18. b4 c5 19. c3 Be7 20. Bb2 Rd7 21.
b5 Rhd8 22. Qe4 Rd3 23. Nd4 Nxd4 24. Qxd3 Nb3 25. Qf3 Nxa1 26. Bxa1 c4 27. Bb2
Bc5 28. Qe2 Rd3 29. Rd1 Qd7 30. Rxd3 Qxd3 31. Qe1 Qc2 32. Ba1 Bxa3 33. g3 Qc1
34. Kf1 Kc7 35. Qxc1 Bxc1 36. h4 0-1

[Event "SR 2. liga A 2011/2012"]
[Site "?"]
[Date "2012.01.29"]
[Round "52.8"]
[White "Orosi, Peter"]
[Black "Jablonicky, Martin"]
[Result "1-0"]
[WhiteElo "2061"]
[BlackElo "1757"]
[PlyCount "72"]
[EventDate "2011.??.??"]
[WhiteTeam "Slovakia"]
[BlackTeam "Slovakia"]
[WhiteTeamCountry "SVK"]
[BlackTeamCountry "SVK"]

1. d4 Nf6 2. c4 e6 3. Nf3 b6 4. g3 Bb7 5. Bg2 d5 6. cxd5 exd5 7. Nc3 Be7 8. O-O
O-O 9. Ne5 Nbd7 10. Qb3 c6 11. Bf4 Nxe5 12. Bxe5 Bd6 13. Bxd6 Qxd6 14. Rad1
Rfe8 15. Rfe1 Re7 16. Qa4 a5 17. Qc2 Rae8 18. Na4 Nd7 19. e3 b5 20. Nc5 Nxc5
21. dxc5 Qg6 22. Qc3 a4 23. Rd4 Bc8 24. e4 f5 25. f3 fxe4 26. fxe4 Bf5 27. e5
Rxe5 28. Rxe5 Rxe5 29. Rxa4 Qe8 30. Ra8 Re1+ 31. Qxe1 Qxa8 32. Qe5 Qf8 33. b4
Bg6 34. Qe6+ Qf7 35. Qxc6 d4 36. Bd5 {Qf8 Bg2} Bf5 1-0

[Event "SR 2. liga A 2011/2012"]
[Site "?"]
[Date "2012.01.29"]
[Round "53.1"]
[White "Rohacek, Miroslav"]
[Black "Petenyi, Tamas"]
[Result "1/2-1/2"]
[WhiteElo "2297"]
[BlackElo "2347"]
[PlyCount "22"]
[EventDate "2011.??.??"]
[WhiteTeam "Slovakia"]
[BlackTeam "Slovakia"]
[WhiteTeamCountry "SVK"]
[BlackTeamCountry "SVK"]

1. d4 d5 2. c4 c6 3. cxd5 cxd5 4. Nc3 Nf6 5. Nf3 Nc6 6. Bf4 a6 7. a3 Bf5 8. e3
e6 9. Bd3 Bxd3 10. Qxd3 Bd6 11. Bxd6 Qxd6 1/2-1/2

[Event "SR 2. liga A 2011/2012"]
[Site "?"]
[Date "2012.01.29"]
[Round "53.2"]
[White "Takacs, Laszlo"]
[Black "Kovac, Andrej"]
[Result "1/2-1/2"]
[WhiteElo "1976"]
[BlackElo "2154"]
[PlyCount "71"]
[EventDate "2011.??.??"]
[WhiteTeam "Slovakia"]
[BlackTeam "Slovakia"]
[WhiteTeamCountry "SVK"]
[BlackTeamCountry "SVK"]

1. e4 e6 2. d4 d5 3. Nc3 Nf6 4. Bg5 Bb4 5. e5 h6 6. Bd2 Bxc3 7. bxc3 Ne4 8. Nf3
c5 9. Bd3 Nxd2 10. Qxd2 c4 11. Be2 Nc6 12. h4 Bd7 13. O-O Qe7 14. Rfb1 O-O-O
15. Rb2 Kb8 16. Rab1 Bc8 17. g3 Rdf8 18. h5 Qc7 19. Kg2 Ne7 20. Rb5 a6 21. R5b4
f5 22. Nh4 g5 23. hxg6 Rfg8 24. Bh5 Rg7 25. Kh2 Nc6 26. Rb6 Ka7 27. Qc1 Qxb6
28. Rxb6 Kxb6 29. Qa3 Rd8 30. Ng2 Kc7 31. Nf4 b6 32. g4 Ne7 33. Kg3 fxg4 34.
Kxg4 Nf5 35. Kh3 Ne7 36. Qb4 1/2-1/2

[Event "SR 2. liga A 2011/2012"]
[Site "?"]
[Date "2012.01.29"]
[Round "53.3"]
[White "Kimerling, Martin"]
[Black "Obdrzalkova, Anita"]
[Result "1-0"]
[WhiteElo "2015"]
[BlackElo "1994"]
[PlyCount "59"]
[EventDate "2011.??.??"]
[WhiteTeam "Slovakia"]
[BlackTeam "Slovakia"]
[WhiteTeamCountry "SVK"]
[BlackTeamCountry "SVK"]

1. d4 Nf6 2. c4 e6 3. g3 d5 4. Nf3 dxc4 5. Bg2 c6 6. O-O Nbd7 7. a4 Be7 8. Nbd2
O-O 9. Qc2 Nb6 10. a5 Nbd5 11. e4 Nb4 12. Qxc4 b5 13. Qc3 Bb7 14. Ne5 Rc8 15.
Nb3 c5 16. Nxc5 Bxc5 17. dxc5 Na6 18. c6 Nb8 19. Bg5 Nxc6 20. Rfd1 Qc7 21. Bxf6
gxf6 22. Nd7 e5 23. Nxf8 Kxf8 24. a6 Ba8 25. Bh3 Rd8 26. Rd5 b4 27. Qc5+ Kg7
28. Rad1 Rb8 29. Rd7 Qb6 30. Qc4 1-0

[Event "SR 2. liga A 2011/2012"]
[Site "?"]
[Date "2012.01.29"]
[Round "53.4"]
[White "Merva, Frantisek"]
[Black "Padysak, Tomas"]
[Result "0-1"]
[WhiteElo "2047"]
[BlackElo "2025"]
[PlyCount "56"]
[EventDate "2011.??.??"]
[WhiteTeam "Slovakia"]
[BlackTeam "Slovakia"]
[WhiteTeamCountry "SVK"]
[BlackTeamCountry "SVK"]

1. e4 c5 2. Nf3 d6 3. d4 cxd4 4. Nxd4 Nf6 5. Nc3 a6 6. Be2 e5 7. Nb3 Be7 8. Bg5
Nbd7 9. f3 O-O 10. Qd2 Qc7 11. O-O-O b5 12. g4 Bb7 13. h4 Rfd8 14. h5 h6 15.
Be3 Nh7 16. Nd5 Bxd5 17. exd5 Bg5 18. f4 exf4 19. Bxf4 Ne5 20. Rhf1 Rac8 21.
Nd4 Qc5 22. Nb3 Qc7 23. Nd4 Qc5 24. Nb3 Qb6 25. Nd4 Rc5 26. Nf5 b4 27. Bxg5
Nxg5 28. Qf4 b3 0-1

[Event "SR 2. liga A 2011/2012"]
[Site "?"]
[Date "2012.01.29"]
[Round "53.5"]
[White "Mikova, Veronika"]
[Black "Partys, Petr"]
[Result "0-1"]
[WhiteElo "2060"]
[BlackElo "2027"]
[PlyCount "82"]
[EventDate "2011.??.??"]
[WhiteTeam "Slovakia"]
[BlackTeam "Slovakia"]
[WhiteTeamCountry "SVK"]
[BlackTeamCountry "SVK"]

1. e4 c5 2. Nf3 e6 3. d3 Nc6 4. g3 e5 5. Bg2 Nf6 6. O-O Be7 7. Nbd2 O-O 8. Nc4
d6 9. Ne3 h6 10. Nh4 Be6 11. c4 Nd4 12. Bd2 Nh7 13. Nhf5 Bxf5 14. exf5 Qd7 15.
Qh5 Nf6 16. Qh3 Rab8 17. Rae1 b5 18. f4 exf4 19. Rxf4 Rfe8 20. Bc3 bxc4 21.
dxc4 Bd8 22. Rff1 Re5 23. g4 Be7 24. b3 Re8 25. b4 Bd8 26. b5 Qe7 27. Bxd4 cxd4
28. Nc2 Bb6 29. Kh1 Qc7 30. Bc6 Rxe1 31. Rxe1 Rxe1+ 32. Nxe1 Qe7 33. Qg3 Qe2
34. Bf3 Qf1+ 35. Qg1 Qxc4 36. Qg2 d3 37. Qd2 Nxg4 38. Bxg4 Qxg4 39. Ng2 Qd4 40.
Qd1 d2 41. a4 Qg1+ 0-1

[Event "SR 2. liga A 2011/2012"]
[Site "?"]
[Date "2012.01.29"]
[Round "53.6"]
[White "Koloditsova, Renata"]
[Black "Sebo, Viktor"]
[Result "1-0"]
[WhiteElo "1839"]
[BlackElo "1924"]
[PlyCount "55"]
[EventDate "2011.??.??"]
[WhiteTeam "Slovakia"]
[BlackTeam "Slovakia"]
[WhiteTeamCountry "SVK"]
[BlackTeamCountry "SVK"]

1. d4 Nf6 2. c4 g6 3. Nc3 d5 4. Bg5 c6 5. Bxf6 exf6 6. cxd5 cxd5 7. Qb3 Nc6 8.
Qxd5 Qb6 9. O-O-O Be6 10. Qe4 Be7 11. d5 Bf5 12. Qa4 Bb4 13. e4 Bg4 14. f3 Qe3+
15. Kc2 Rd8 16. dxc6 O-O 17. Qxb4 Qf2+ 18. Nge2 Be6 19. Rxd8 Rxd8 20. Qe7 Qb6
21. cxb7 Rb8 22. Nf4 Rxb7 23. Qe8+ Kg7 24. Nxe6+ fxe6 25. b3 Qf2+ 26. Be2 Rc7
27. Qb5 a6 28. Qd3 1-0

[Event "SR 2. liga A 2011/2012"]
[Site "?"]
[Date "2012.01.29"]
[Round "53.7"]
[White "Sklars, Tomas"]
[Black "Kahancova, Jana"]
[Result "1-0"]
[WhiteElo "1898"]
[BlackElo "1670"]
[PlyCount "55"]
[EventDate "2011.??.??"]
[WhiteTeam "Slovakia"]
[BlackTeam "Slovakia"]
[WhiteTeamCountry "SVK"]
[BlackTeamCountry "SVK"]

1. e4 e5 2. Nf3 Nc6 3. Bc4 Bc5 4. O-O Nf6 5. d4 Bxd4 6. Nxd4 Nxd4 7. Bg5 d6 8.
f4 Be6 9. Na3 Qe7 10. c3 Nc6 11. Qf3 O-O-O 12. Bxe6+ fxe6 13. Nc4 exf4 14. Qxf4
Rdf8 15. b4 h6 16. Bxf6 Rxf6 17. Qe3 Kb8 18. b5 Nd8 19. a4 Rhf8 20. Rfd1 g5 21.
e5 dxe5 22. Nxe5 Nf7 23. Rd7 Qe8 24. Qc5 Qc8 25. Rxc7 Qxc7 26. Qxf8+ Qd8 27.
Qxd8+ Nxd8 28. Nd7+ 1-0

[Event "SR 2. liga A 2011/2012"]
[Site "?"]
[Date "2012.01.29"]
[Round "53.8"]
[White "Tomovicsova, Evelina"]
[Black "Rozarova, Katarina"]
[Result "1-0"]
[WhiteElo "1689"]
[BlackElo "1651"]
[PlyCount "139"]
[EventDate "2011.??.??"]
[WhiteTeam "Slovakia"]
[BlackTeam "Slovakia"]
[WhiteTeamCountry "SVK"]
[BlackTeamCountry "SVK"]

1. e4 c5 2. Nf3 d6 3. Nc3 Nf6 4. d4 cxd4 5. Nxd4 a6 6. a4 e5 7. Nf3 b6 8. Bc4
Be6 9. Qd3 Nbd7 10. Bxa6 Nc5 11. Bb5+ Bd7 12. Qe2 Be7 13. b4 Ne6 14. O-O O-O
15. Bxd7 Nxd7 16. Bd2 Nf4 17. Bxf4 exf4 18. Nd5 g5 19. Nxe7+ Qxe7 20. Qb5 g4
21. Nd2 Ne5 22. Nc4 f3 23. Nxe5 fxg2 24. Kxg2 dxe5 25. a5 bxa5 26. Rxa5 Rxa5
27. Qxa5 Qf6 28. Kg1 h5 29. Qa7 h4 30. h3 Qg6 31. Kh2 Qxe4 32. hxg4 Qxc2 33.
Qe3 f6 34. g5 Qf5 35. gxf6 Rxf6 36. Rg1+ Kh8 37. Rg2 e4 38. Qd4 Kh7 39. Qe3
Qe5+ 40. Kh1 Ra6 41. Rg1 Ra1 42. Rxa1 Qxa1+ 43. Kg2 Qg7+ 44. Kh3 Qe7 45. Qc5
Qe6+ 46. Kxh4 Qf7 47. Kg3 Qf3+ 48. Kh2 Qf4+ 49. Kh3 Qf3+ 50. Kh4 Qf6+ 51. Kg4
Qf3+ 52. Kg5 Qg2+ 53. Kf5 Qg6+ 54. Ke5 Qe8+ 55. Kd4 Qd7+ 56. Kxe4 Qg4+ 57. Kd5
Qd7+ 58. Kc4 Qf7+ 59. Kb5 Qd7+ 60. Ka6 Qe6+ 61. Qb6 Qa2+ 62. Kb7 Qd5+ 63. Qc6
Qd4 64. b5 Qxf2 65. b6 Qf5 66. Kb8 Kg7 67. b7 Qf8+ 68. Kc7 Qf4+ 69. Qd6 Qc4+
70. Kd8 1-0

[Event "SR 2. liga A 2011/2012"]
[Site "?"]
[Date "2012.01.29"]
[Round "54.1"]
[White "Kleman, Miroslav"]
[Black "Petreje, Juraj"]
[Result "1-0"]
[WhiteElo "2230"]
[BlackElo "2175"]
[PlyCount "69"]
[EventDate "2011.??.??"]
[WhiteTeam "Slovakia"]
[BlackTeam "Slovakia"]
[WhiteTeamCountry "SVK"]
[BlackTeamCountry "SVK"]

1. c4 Nf6 2. g3 g6 3. Bg2 Bg7 4. Nc3 O-O 5. e4 d6 6. Nge2 c5 7. O-O Nc6 8. h3
Bd7 9. Kh2 a6 10. a4 Qa5 11. d3 Nd4 12. Nxd4 cxd4 13. Ne2 Qh5 14. a5 g5 15. f3
e5 16. Kg1 Bxh3 17. Bxh3 Qxh3 18. Bxg5 Nh5 19. Rf2 Qe6 20. g4 Qg6 21. Qc1 f6
22. Bd2 f5 23. exf5 Rxf5 24. Rg2 Rxf3 25. gxh5 Qxh5 26. Bh6 Rh3 27. Rxg7+ Kh8
28. Ng3 Qxh6 29. Qxh6 Rxh6 30. Rg4 Rf8 31. Rf1 Rxf1+ 32. Nxf1 Rg6 33. Rxg6 hxg6
34. Nd2 Kg8 35. Ne4 1-0

[Event "SR 2. liga A 2011/2012"]
[Site "?"]
[Date "2012.01.29"]
[Round "54.2"]
[White "Bronis, Marian"]
[Black "Tepper, Frantisek"]
[Result "1/2-1/2"]
[WhiteElo "2160"]
[BlackElo "2163"]
[PlyCount "26"]
[EventDate "2011.??.??"]
[WhiteTeam "Slovakia"]
[BlackTeam "Slovakia"]
[WhiteTeamCountry "SVK"]
[BlackTeamCountry "SVK"]

1. d4 Nf6 2. c4 c5 3. d5 e5 4. Nc3 d6 5. e4 Be7 6. h3 Nbd7 7. Nf3 Nf8 8. Be3
Ng6 9. Bd3 h6 10. Rb1 b6 11. a3 O-O 12. b4 a6 13. O-O Nh5 1/2-1/2

[Event "SR 2. liga A 2011/2012"]
[Site "?"]
[Date "2012.01.29"]
[Round "54.3"]
[White "Certek, Pavel"]
[Black "Biro, Karol"]
[Result "1/2-1/2"]
[WhiteElo "2322"]
[BlackElo "2158"]
[PlyCount "460"]
[EventDate "2011.??.??"]
[WhiteTeam "Slovakia"]
[BlackTeam "Slovakia"]
[WhiteTeamCountry "SVK"]
[BlackTeamCountry "SVK"]

1. d4 d6 2. Nf3 Nf6 3. c4 h6 4. Nc3 Bf5 5. g3 c6 6. Bg2 e6 7. O-O d5 8. Qb3 Qc8
9. Nd2 Nbd7 10. e4 dxe4 11. Ndxe4 Bxe4 12. Nxe4 Nxe4 13. Bxe4 Nf6 14. Bg2 Be7
15. Re1 Qd7 16. Bd2 O-O 17. Bc3 Rab8 18. a4 Rfd8 19. Qc2 Re8 20. Qe2 b5 21.
axb5 cxb5 22. cxb5 Rxb5 23. Rxa7 Rxb2 24. Qa6 Qb5 25. Bxb2 Qxb2 26. Bc6 Qb4 27.
Ra1 Rb8 28. Ra8 Rxa8 29. Qxa8+ Kh7 30. Qa4 Qc3 31. Rd1 g6 32. Kg2 Kg7 33. Bf3
h5 34. Qa1 Qc2 35. Qb1 Qc3 36. Qd3 Qa5 37. Qe3 Bd6 38. h4 Bc7 39. Qd2 Qf5 40.
Qd3 Qa5 41. Rb1 Bb6 42. Rd1 Qa2 43. Rd2 Qa1 44. Qc4 Ba7 45. Qb4 Qa6 46. Qe7 Qa5
47. Rd3 Bb6 48. Ra3 Qd2 49. Ra8 Nh7 50. Qa3 Bxd4 51. Qa2 Qc3 52. Rb8 Nf6 53.
Rb7 Qe1 54. Qe2 Qxe2 55. Bxe2 Ng4 56. Bxg4 hxg4 57. f3 gxf3+ 58. Kxf3 Bf6 59.
Rd7 Kf8 60. Ra7 Be7 61. Ra8+ Kg7 62. Re8 Bb4 63. Kg2 Be1 64. Kh3 Bf2 65. Kg4
Be1 66. Kf3 Kf6 67. Ra8 e5 68. Ra1 Bc3 69. Ra6+ Kg7 70. Rc6 Bb2 71. g4 Bd4 72.
Ke4 Kh6 73. Rf6 Kg7 74. Rf1 Bc3 75. Kd5 Bd4 76. Kd6 Bc3 77. Kd5 Bd4 78. g5 Bc3
79. Rc1 Bd4 80. Rc2 Ba1 81. Kd6 Bd4 82. Ke7 Bb6 83. Rc6 Ba5 84. Rc4 Bd2 85. Ke8
Kg8 86. Ra4 Be1 87. Re4 Bg3 88. Rg4 Bf2 89. Rc4 Be1 90. Ke7 Kg7 91. Ra4 Bf2 92.
Kd7 Bg3 93. Ke8 Kg8 94. Re4 Bf2 95. Re2 Bg3 96. Re4 Bf2 97. Kd7 Kg7 98. Ra4 Bg3
99. Kd6 f5 100. gxf6+ Kxf6 101. Rg4 Bf4 102. Kd5 Kf5 103. Rg1 e4 104. Kd4 e3
105. Kd3 Bh6 106. Ke2 Kf6 107. Kf3 Kf5 108. Rg2 Kf6 109. Ra2 Kf5 110. Ra5+ Kf6
111. Ra6+ Kg7 112. Rc6 Kh7 113. Rc7+ Kg8 114. Re7 Kh8 115. Rf7 Kg8 116. Re7 Kf8
117. Re6 Kf7 118. Ra6 Kg7 119. Kg4 Kf7 120. Ra7+ Kf6 121. Kf3 Kf5 122. Rh7 Kf6
123. Rb7 Kf5 124. Rb6 Bf8 125. Rb5+ Kf6 126. Kxe3 Ba3 127. Ke4 Kf7 128. Rb7+
Be7 129. Ke5 Kf8 130. Ke6 Bxh4 131. Rh7 g5 132. Rb7 Bg3 133. Kf6 Bf4 134. Re7
Bg3 135. Re2 Bf4 136. Re1 Kg8 137. Re8+ Kh7 138. Kf5 Kg7 139. Re7+ Kh6 140. Rf7
Bd2 141. Rf6+ Kh5 142. Rf8 Kh4 143. Rd8 Be3 144. Ke4 Bf4 145. Kf3 Kh5 146. Rg8
Bd2 147. Rc8 Ba5 148. Rh8+ Kg6 149. Ra8 Bd2 150. Kg4 Kf6 151. Ra6+ Ke5 152. Ra2
Bf4 153. Re2+ Kd4 154. Kf3 Kd3 155. Re8 Kd4 156. Re1 Kd5 157. Rd1+ Ke5 158. Rd3
Bc1 159. Rd8 Bf4 160. Rd1 Bh2 161. Re1+ Kf5 162. Kg2 Be5 163. Re2 Bf4 164. Kf3
g4+ 165. Kf2 Be5 166. Kg2 Bf4 167. Ra2 Be5 168. Ra8 Ke4 169. Re8 Kd5 170. Rg8
g3 171. Kf3 Bd6 172. Rg5+ Be5 173. Ke3 Ke6 174. Ke4 Kf6 175. Rf5+ Kg6 176. Rf1
Bc7 177. Rc1 Bb8 178. Rc8 Ba7 179. Rg8+ Kf6 180. Rxg3 Bc5 181. Kd5 Bb4 182. Rb3
Bd2 183. Rb6+ Kf5 184. Rb2 Be3 185. Re2 Bc1 186. Rf2+ Bf4 187. Rf1 Kg4 188. Ke4
Bc7 189. Rg1+ Kh3 190. Rg7 Bd6 191. Rd7 Bb8 192. Kf3 Kh4 193. Rd5 Bc7 194. Ke4
Kg4 195. Rd7 Bb8 196. Rg7+ Kh3 197. Rg8 Bc7 198. Rc8 Bd6 199. Rc6 Bb8 200. Rb6
Bc7 201. Rb3+ Kg4 202. Rb7 Bd6 203. Rb1 Bc7 204. Rg1+ Kh3 205. Kf3 Kh4 206.
Rg4+ Kh5 207. Rg7 Bd6 208. Rb7 Kh4 209. Ke4 Kg5 210. Kd5 Bf4 211. Ke6 Kg4 212.
Rb4 Kg5 213. Rb1 Kg4 214. Rg1+ Bg3 215. Kd5 Kf4 216. Rb1 Kf3 217. Rb3+ Kf4 218.
Ra3 Bf2 219. Ra4+ Kf3 220. Ke5 Bg3+ 221. Kf5 Bh2 222. Ra3+ Kg2 223. Kg4 Be5
224. Ra2+ Kg1 225. Re2 Bc7 226. Kf3 Bb8 227. Rg2+ Kh1 228. Kf2 Ba7+ 229. Kf1
Bb6 230. Rg6 Bc7 1/2-1/2

[Event "SR 2. liga A 2011/2012"]
[Site "?"]
[Date "2012.01.29"]
[Round "54.4"]
[White "Dolnak, Michal"]
[Black "Fabry, Robert"]
[Result "1-0"]
[WhiteElo "2098"]
[BlackElo "2177"]
[PlyCount "59"]
[EventDate "2011.??.??"]
[WhiteTeam "Slovakia"]
[BlackTeam "Slovakia"]
[WhiteTeamCountry "SVK"]
[BlackTeamCountry "SVK"]

1. d4 Nf6 2. c4 e6 3. g3 d5 4. Nf3 Bb4+ 5. Bd2 Bxd2+ 6. Nbxd2 O-O 7. Bg2 Nbd7
8. O-O Re8 9. Re1 c5 10. e3 b6 11. cxd5 exd5 12. Rc1 Bb7 13. dxc5 bxc5 14. Qa4
Qb6 15. b3 Rad8 16. Red1 a5 17. Nb1 Qb4 18. Nc3 Nb6 19. Qxb4 axb4 20. Nb5 c4
21. bxc4 dxc4 22. Nd6 Bxf3 23. Bxf3 Re6 24. Nxc4 Rxd1+ 25. Bxd1 Rc6 26. Bb3
Nfd7 27. Rd1 Kf8 28. Nxb6 Nxb6 29. Rd4 Ke7 30. Rxb4 1-0

[Event "SR 2. liga A 2011/2012"]
[Site "?"]
[Date "2012.01.29"]
[Round "54.5"]
[White "Mikulas, Dusan"]
[Black "Kebis, Milos"]
[Result "0-1"]
[WhiteElo "2142"]
[BlackElo "2008"]
[PlyCount "172"]
[EventDate "2011.??.??"]
[WhiteTeam "Slovakia"]
[BlackTeam "Slovakia"]
[WhiteTeamCountry "SVK"]
[BlackTeamCountry "SVK"]

1. e4 e5 2. Nf3 Nc6 3. Bb5 Nf6 4. O-O d6 5. Re1 Be7 6. c3 Bg4 7. h3 Bh5 8. d3
O-O 9. Nbd2 Nd7 10. Nf1 Bf6 11. g4 Bg6 12. Ng3 a6 13. Ba4 Nc5 14. Bc2 Ne6 15.
Nh2 Bg5 16. Qf3 Bf4 17. Be3 Qh4 18. Bxf4 Nxf4 19. Ne2 Nxh3+ 20. Kg2 Ng5 21. Qe3
Ne6 22. Rf1 Qg5 23. Qxg5 Nxg5 24. f4 exf4 25. Nxf4 Ne5 26. Rfe1 c6 27. b3 Rfe8
28. Re3 Ne6 29. Rf1 Nxf4+ 30. Rxf4 Re7 31. Nf1 Rae8 32. Ng3 Nd7 33. Nf5 Bxf5
34. gxf5 Nf6 35. Rh3 d5 36. Rhh4 dxe4 37. dxe4 Rd8 38. Rf2 Re5 39. Rhf4 Rd6 40.
Kf3 Nd7 41. Ke2 Rc5 42. R4f3 b5 43. Rd3 Rxd3 44. Kxd3 Re5 45. b4 Kf8 46. Kd4
Ke7 47. Rh2 h6 48. Rg2 Kf8 49. Bb3 Re8 50. c4 Rd8 51. cxb5 Nf6+ 52. Kc5 cxb5
53. Re2 Ke7 54. e5 Nd7+ 55. Kc6 Nf8 56. Kb6 Rd4 57. Kxa6 Rxb4 58. Ka5 Rf4 59.
Kxb5 Rxf5 60. Kc6 Nd7 61. e6 Ne5+ 62. Kc7 fxe6 63. a4 Kf6 64. Ra2 Rf3 65. Bd1
Rd3 66. Ra1 Rd7+ 67. Kc8 Ra7 68. a5 g5 69. Be2 g4 70. a6 g3 71. Rg1 Rg7 72. Kb8
Kf5 73. Bb5 h5 74. a7 h4 75. a8=Q Rg8+ 76. Kb7 Rxa8 77. Kxa8 Kf4 78. Bf1 Ng4
79. Bh3 e5 80. Kb7 e4 81. Kc6 Nf2 82. Bg2 h3 83. Kd5 hxg2 84. Re1 e3 85. Kd4
Ng4 86. Kd3 Kf3 0-1

[Event "SR 2. liga A 2011/2012"]
[Site "?"]
[Date "2012.01.29"]
[Round "54.6"]
[White "Mandak, Miroslav"]
[Black "Kolman, Richard"]
[Result "1-0"]
[WhiteElo "2003"]
[BlackElo "2070"]
[PlyCount "155"]
[EventDate "2011.??.??"]
[WhiteTeam "Slovakia"]
[BlackTeam "Slovakia"]
[WhiteTeamCountry "SVK"]
[BlackTeamCountry "SVK"]

1. d4 d5 2. Nf3 Nf6 3. e3 e6 4. Bd3 c5 5. c3 Nbd7 6. Nbd2 b6 7. O-O Be7 8. Ne5
Nxe5 9. dxe5 Nd7 10. f4 a5 11. Qe2 O-O 12. Rf3 f5 13. Rh3 Rf7 14. g4 g6 15. Rg3
Nf8 16. Nf3 Bb7 17. b3 a4 18. bxa4 Rxa4 19. Qc2 fxg4 20. Rxg4 Qa8 21. Ng5 Bxg5
22. Rxg5 c4 23. Bf1 Nd7 24. Bh3 Nc5 25. a3 Bc8 26. Qb1 Qa5 27. Qc2 Ne4 28. Rg2
Ra7 29. Bb2 Qc5 30. Re1 Qe7 31. Bg4 Qh4 32. Qd1 R4a5 33. Rf1 Rg7 34. Qd4 Rb5
35. Bf3 Nc5 36. Qd2 Nd3 37. Bc1 Qe7 38. Bd1 Bd7 39. Bc2 Nc5 40. Re1 Bc6 41. Rg3
Ra5 42. Bb2 Ra8 43. Rb1 Ba4 44. Bc1 Bxc2 45. Qxc2 Nb3 46. Bb2 Kh8 47. Qg2 Nc5
48. Qc2 Ne4 49. Rg2 Qc5 50. Qe2 Ra5 51. Kh1 Rb5 52. Rbg1 Rb3 53. Qe1 Qb5 54.
Qa1 Qa4 55. Rc2 Rf7 56. Qe1 Qb5 57. Qe2 Rf5 58. Rg2 Rh5 59. Rg1 Qc5 60. Kg2 Qe7
61. Qf3 Qh4 62. h3 Rf5 63. Kh2 Qe7 64. Qd1 Qc5 65. Qe1 Qb5 66. Rgg2 Nc5 67. Qh4
Qe8 68. Qe1 Nd3 69. Qd1 Qb5 70. Qd2 Qc5 71. Re2 Qe7 72. Rg2 g5 73. fxg5 Nxe5
74. Qd4 Kg8 75. Qd1 Qf7 76. h4 Rf1 77. Qe2 Qf5 78. Rg3 {cierny prehral na cas}
1-0

[Event "SR 2. liga A 2011/2012"]
[Site "?"]
[Date "2012.01.29"]
[Round "54.7"]
[White "Kuna, Vladimir"]
[Black "Povysil, Peter"]
[Result "1/2-1/2"]
[WhiteElo "2028"]
[BlackElo "1990"]
[PlyCount "66"]
[EventDate "2011.??.??"]
[WhiteTeam "Slovakia"]
[BlackTeam "Slovakia"]
[WhiteTeamCountry "SVK"]
[BlackTeamCountry "SVK"]

1. d4 d5 2. c4 c6 3. Nc3 Nf6 4. Nf3 e6 5. Bg5 Nbd7 6. e3 Be7 7. Bd3 O-O 8. cxd5
exd5 9. O-O h6 10. Bh4 Ne4 11. Bxe7 Qxe7 12. Qc2 f5 13. Rae1 Qd6 14. a3 Ndf6
15. Ne5 Nxc3 16. Qxc3 Ne4 17. Qc2 Qf6 18. f3 Nd6 19. Kh1 Be6 20. g4 Rae8 21.
gxf5 Nxf5 22. Bxf5 Bxf5 23. Qf2 Be4 24. Qg2 Bf5 25. Rg1 Re7 26. Qg3 Kh8 27. Re2
g5 28. h3 Rg7 29. b4 h5 30. Rh2 h4 31. Qf2 Qe6 32. Qg2 Rfg8 33. Qf1 Rf8 1/2-1/2

[Event "SR 2. liga A 2011/2012"]
[Site "?"]
[Date "2012.02.25"]
[Round "55.1"]
[White "Vlcek, Stanislav"]
[Black "Petreje, Juraj"]
[Result "1-0"]
[WhiteElo "2330"]
[BlackElo "2175"]
[PlyCount "65"]
[EventDate "2011.??.??"]
[WhiteTeam "Slovakia"]
[BlackTeam "Slovakia"]
[WhiteTeamCountry "SVK"]
[BlackTeamCountry "SVK"]

1. e4 d6 2. d4 e6 3. Nf3 Ne7 4. Bg5 Nd7 5. Qd2 f6 6. Be3 Ng6 7. h4 Be7 8. h5
Ngf8 9. Nc3 c6 10. O-O-O Nb6 11. d5 Bd7 12. dxe6 Bxe6 13. Bf4 Nc8 14. Nd4 Bd7
15. Bg3 Qa5 16. Kb1 b5 17. f4 b4 18. Nce2 c5 19. Nb3 Qc7 20. f5 a5 21. Nf4 Nb6
22. Nd5 Nxd5 23. Qxd5 Bc6 24. Bb5 Ra6 25. Bxc6+ Rxc6 26. Nxa5 Ra6 27. Nc4 Qa7
28. Nxd6+ Bxd6 29. Bxd6 Qf7 30. Bxc5 Qxd5 31. Rxd5 Nd7 32. Rhd1 Nxc5 33. Rd8+
1-0